Normal view
MARC view
- M. Talha Ahmad
Entry Personal Name
001 - CONTROL NUMBER
- control field: 92224
003 - CONTROL NUMBER IDENTIFIER
- control field: NUST
005 - DATE AND TIME OF LATEST TRANSACTION
- control field: 20220703090414.0
008 - FIXED-LENGTH DATA ELEMENTS
- fixed length control field: 220703|| aca||aabn | a|a d
040 ## - CATALOGING SOURCE
- Original cataloging agency: NUST
- Transcribing agency: NUST
100 ## - HEADING--PERSONAL NAME
- Personal name: M. Talha Ahmad
670 ## - SOURCE DATA FOUND
- Source citation: Work cat.: (NUST)9143: Junaid Khalid 92223, Combination of MIMO with MC-CDMA System [Project BICSE2], 2008.
